000 00512nam a2200181Ia 4500
999 _c16101
_d16101
003 OSt
005 20200606115849.0
008 190216s9999||||xx |||||||||||||| ||und||
020 _a8186704930
040 _cMESKC library
082 _a891.43
_bSIN/S
100 _aSimhe, Shoshpal
_9273
245 0 _aSatothiri Hindi Bala Sahitya /
_cShoshpal Simhe
260 _bSamay Prakashan,
_c2002.
_aDelhi:
300 _a184p
650 _aHindi
942 _cBK
_2ddc
_h891.43
_iSIN/S
_k891.43
_mSIN/S